Új-Zéland borvidékei és a szakmai gyakorlati hely borlap elemzése

Bibliographic Details
Main Author: Kóródi Gábor Sándor
Other Authors: Lenkovics Dr. Beatrix
Format: Thesis
Kulcsszavak:bor
borkultúra
borvidék
utazás
Új-Zéland
Online Access:http://dolgozattar.uni-bge.hu/59497

MARC

LEADER 00000nta a2200000 i 4500
001 dolg59497
005 20260409145139.0
008 260409suuuu hu om 000 hun d
040 |a BGE Dolgozattár Repozitórium  |b hun 
041 |a hu 
100 1 |a Kóródi Gábor Sándor 
245 1 0 |a Új-Zéland borvidékei és a szakmai gyakorlati hely borlap elemzése  |c Kóródi Gábor Sándor  |h [elektronikus dokumentum] 
520 3 |a Új-Zéland borászata a világ egyik legdinamikusabban fejlődő bortermelő ágazata, amely rövid története ellenére nemzetközi hírnévre tett szert különösen Sauvignon Blanc és Pinot Noir fajtáival. Az ország változatos mikroklímái, vulkanikus talajszerkezete és óceáni hatásai egyedülálló terroirt biztosítanak, amely a borok frissességében, aromagazdagságában és komplexitásában tükröződik. A fenntartható gazdálkodási módszerek, a technológiai újítások, valamint a kis családi borászatok és nagyobb pincészetek harmonikus együttélése meghatározzák az új-zélandi borok karakterét és fejlődési irányát. 
695 |a bor 
695 |a borkultúra 
695 |a borvidék 
695 |a utazás 
695 |a Új-Zéland 
700 1 |a Lenkovics Dr. Beatrix  |e ths 
856 4 0 |u http://dolgozattar.uni-bge.hu/59497/1/K%C3%B3r%C3%B3di%20G%C3%A1bor%20S%C3%A1ndor%20szakdolgozat.pdf  |z Dokumentum-elérés 
856 4 0 |u http://dolgozattar.uni-bge.hu/59497/2/Ko%CC%81ro%CC%81di_Szakdolgozat%20bi%CC%81ra%CC%81lati%20lap%20magyar%202025.pdf  |z Dokumentum-elérés 
856 4 0 |u http://dolgozattar.uni-bge.hu/59497/3/6.%20%20K%C3%B3r%C3%B3di%20G%C3%A1bor%20S%C3%A1ndor%20Szakdolgozat%20b%C3%ADr%C3%A1lati%20lap%20magyar%202025.pdf  |z Dokumentum-elérés